000 00303nam a22001337a 4500
008 170623b xxu||||| |||| 00| 0 eng d
020 _a9780872896048
041 _aeng
080 _24TH
_a32
100 _a21
101 _aSHP
245 _aTHE LOGIC OF AMERICAN POLITICS
_cKERNELL.S
942 _2udc
_cBK
999 _c19099
_d19099